000 00359nam a2200145Ia 4500
008 230917s9999||||xx |||||||||||||| ||und||
040 _e47271
_aMAIN
041 _aEnglish
082 _a294.1 D213C
100 _aDange, Sadashiv Ambadas
245 0 _aCultural sources from the veda
260 _aBombay
_bBharatiya
_c1977
300 _a116 p.
942 _cBK
999 _c192362
_d192362